Online
Catalog

Neocolonialismo última etapa del imperialismo / (Record no. 39653)

MARC details
000 -CABECERA
campo de control de longitud fija 00602nam a2200169 a 4500
001 - NÚMERO DE CONTROL
campo de control 000040163
005 - FECHA Y HORA DE LA ÚLTIMA TRANSACCIÓN
campo de control 20201002033945.0
008 - DATOS DE LONGITUD FIJA--INFORMACIÓN GENERAL
campo de control de longitud fija 130812s1966 mx 000 0 spa d
040 ## - FUENTE DE LA CATALOGACIÓN
Centro catalogador/agencia de origen DO-SdBNP
Lengua de catalogación spa
Centro/agencia transcriptor BNPHU
100 1# - ENTRADA PRINCIPAL--NOMBRE DE PERSONA
Nombre de persona Nkrumah, Kwame
9 (RLIN) 66436
240 10 - TÍTULO UNIFORME
Título uniforme Neo-colonialism, the last stage of imperialism
Lenguaje de la obra español
245 10 - MENCIÓN DE TÍTULO
Título Neocolonialismo última etapa del imperialismo /
Mención de responsabilidad, etc. Kwame Nkrumah ; traducción de Marta Chávez, Martí Soler.
260 ## - PUBLICACIÓN, DISTRIBUCIÓN, ETC.
Lugar de publicación, distribución, etc. México :
Nombre del editor, distribuidor, etc. Siglo Veintiuno,
Fecha de publicación, distribución, etc. 1966.
300 ## - DESCRIPCIÓN FÍSICA
Extensión 222 p. ;
Dimensiones 21 cm.
700 1# - PUNTO DE ACCESO ADICIONAL--NOMBRE DE PERSONA
Nombre de persona Chávez, Marta
Término indicativo de función/relación tr.
9 (RLIN) 66437
700 1# - PUNTO DE ACCESO ADICIONAL--NOMBRE DE PERSONA
Nombre de persona Soler, Martí
Término indicativo de función/relación tr.
9 (RLIN) 29456
Holdings
Estado de retiro Estado de pérdida Restricciones de uso No para préstamo Código de colección Localización permanente Ubicación/localización actual Ubicación en estantería Fecha de adquisición Número de inventario Total de préstamos Signatura topográfica completa Código de barras Fecha visto por última vez Precio válido a partir de Tipo de ítem Koha Nota pública
        Monografías: Libros y Folletos General General Orden iniciada 12.08.2013 LF1   40163-10 25.06.2020 25.06.2020 No se presta Perteneció a la biblioteca personal de Aída Cartagena Portalatín

Powered by Koha